| 000 | 00553nam a22002057a 4500 | ||
|---|---|---|---|
| 003 | OSt | ||
| 005 | 20140310182028.0 | ||
| 008 | 130814t xxu||||| |||| 00| 0 eng d | ||
| 020 | _a978971041140 | ||
| 050 |
_aT 58.5 _b.R173 2008 |
||
| 082 |
_aHS 005.74 _bR14 2008 |
||
| 100 |
_aRamirez, Alvin D. _910095 |
||
| 245 |
_aICT and society / _bAlvin D. Ramirez. |
||
| 260 |
_aQuezon City : _bTechfactors Inc., _c2008. |
||
| 300 |
_a121 p. ; _bill. col. ; _c28 cm. |
||
| 650 |
_aTechnology _97936 |
||
| 650 |
_aSociety _97227 |
||
| 942 | _2lcc | ||
| 999 |
_c8530 _d8530 |
||